书目信息 |
| 题名: |
新简明电工手册
|
|
| 作者: | 曾凡奎主编 | |
| 分册: | ||
| 出版信息: | 北京 机械工业出版社 2004.12 |
|
| 页数: | 900页 | |
| 开本: | 18cm | |
| 丛书名: | ||
| 单 册: | ||
| 中图分类: | TM-62 | |
| 科图分类: | ||
| 主题词: | ||
| 电子资源: | ||
| ISBN: | 7-111-15640-4 | |
| 000 | 00765nam0 2200217 45 | |
| 001 | 012004006896 | |
| 005 | 20050318154316.0 | |
| 010 | @a7-111-15640-4@dCNY50.00 | |
| 100 | @a20050318d2004 ekmy0 y0120 ea | |
| 102 | @aCN@b110000 | |
| 105 | @ay z 000yy | |
| 200 | 1 | @a新简明电工手册@f曾凡奎主编 |
| 210 | @a北京@c机械工业出版社@d2004.12 | |
| 215 | @a900页@d18cm | |
| 300 | @a电气安装、维护和修理电工,相关领域电气技术人员 | |
| 330 | @a本手册共12章,包括电工基础资料、电子技术基础、常用电工仪表、常用电工材料、常用低压电器、变压器、低压供配电线路、常用电源、常用电动机、照明、常用生产设备的电气控制和维修、电气安全等内容。 | |
| 690 | @aTM-62@v4 | |
| 701 | 0 | @a曾凡奎主编 |
| 801 | 0 | @aCN@b安徽儒林@c20050318 |
| 905 | @dTM-62@eZ021 | |
| 906 | @dCNY50.00@n3@r1 | |
| 新简明电工手册/曾凡奎主编.-北京:机械工业出版社,2004.12 |
| 900页;18cm |
| 电气安装、维护和修理电工,相关领域电气技术人员 |
| ISBN 7-111-15640-4:CNY50.00 |
| 本手册共12章,包括电工基础资料、电子技术基础、常用电工仪表、常用电工材料、常用低压电器、变压器、低压供配电线路、常用电源、常用电动机、照明、常用生产设备的电气控制和维修、电气安全等内容。 |
| ● |
| 相关链接 |
|
|
|
正题名:新简明电工手册
索取号:TM-62/Z021
 
预约/预借
| 序号 | 登录号 | 条形码 | 馆藏地/架位号 | 状态 | 备注 |
| 1 | 570872 | 205708723 | 自科库301/301自科库 4排2列4层/ [索取号:TM-62/Z021] | 在馆 | |
| 2 | 570873 | 205708732 | 期刊室512/301自科库 3排1列5层/ [索取号:TM-62/Z021] | 在馆 | |
| 3 | 570874 | 205708741 | 期刊室512/301自科库 3排1列5层/ [索取号:TM-62/Z021] | 在馆 |